Riconosci questi calciatori ? - Statistics

Statistiche generali
  • Questo quiz è stato fatto 167 volte
    148 dall'ultimo reset
  • Il punteggio medio è 65 su 72
Statistiche sulle risposte
con Immagini Risposta % Corretto
Del Piero
100%
Messi
100%
Totti
100%
Buffon
99%
Cristiano Ronaldo
99%
Dybala
99%
Pele
99%
Zidane
99%
Baggio
98%
Bonucci
98%
Ibrahimovic
98%
Maldini
98%
Maradona
98%
Mbappe
98%
Pirlo
98%
Ronaldo
98%
Benzema
97%
Chiellini
97%
Kaka
97%
Lukaku
97%
Modric
97%
Pique
97%
Pogba
97%
Ronaldinho
97%
Zanetti
96%
Balotelli
95%
Cannavaro
95%
Haaland
95%
Nedved
95%
Gattuso
94%
Neymar
94%
Drogba
93%
Iniesta
93%
Rooney
93%
Suarez
93%
Barzagli
92%
Di Natale
92%
Muller
92%
Nesta
92%
Ramos
92%
Bale
91%
Dida
91%
Figo
91%
Pato
91%
Roberto Carlos
91%
Vieri
91%
Casillas
90%
Eto'o
90%
Ozil
90%
Tevez
90%
Trezeguet
90%
Beckham
89%
Henry
89%
Cafu
88%
Quagliarella
88%
Lampard
86%
Davids
85%
Gerrard
85%
Batistuta
84%
Ferdinand
83%
Aguero
77%
Camoranesi
77%
Hagi
77%
Villa
77%
Raul
76%
Terry
75%
Gilardino
70%
Toldo
70%
Vieira
70%
Anelka
63%
Mutu
54%
Chivu
52%
Nessun quiz corrispondente trovato
Distribuzione punteggi
Percentuale di utenti per punteggio
Percentile per numero di risposta
I tuoi punteggi nel tempo
Non hai fatto questo quiz dall'ultimo reset